000 00577cab a2200193 4500
001 X982
008 090401t1993 xxu||||| |||| 00| 0 eng d
035 _a(Sirsi) u68518
041 _aeng
245 4 _aThe pros and cons of the oral arbitration route
260 _c1993
350 _a0
490 _aCSW - The Property Week
_v44(11) 9 September 1993, 57(1)
650 _aORAL ARBITRATIONS
650 _aRENT REVIEWS
690 _aMANAGEMENT-DISPUTE AVOIDANCE, MANAGEMENT AND RESOLUTION-DISPUTE MANAGEMENT AND RESOLUTION-ARBITRATION
942 _n0
948 _c04/03/1997
999 _c42990
_d42990